| 000 | 00858nas a2200277 4500 | ||
|---|---|---|---|
| 001 | BR7000027 | ||
| 003 | BR-BrBNA | ||
| 005 | 20231205082303.0 | ||
| 007 | ta | ||
| 008 | 230509b bl.|||p| |||| 00| 00por d | ||
| 040 |
_aBR-BrBNA _bpor _cBiblioteca Nacional de Agricultura |
||
| 041 | _a(Pt) | ||
| 072 | _aQ10 | ||
| 100 | 1 | _aOliveira, E.R. de | |
| 100 | 1 | _aValsechi, O. | |
| 100 | 1 | _aStupiello, J.P. | |
| 100 | 1 | _aDelgado, A.A. | |
| 245 | 1 | _aTabela para a determinacao na pureza verdadeira minima possivel dos meis finais da usinas de acucar de cana [melaco, acucar redutor] | |
| 650 | _aCANA DE ACUCAR | ||
| 650 | _aMELACO | ||
| 650 | _aACUCAR REDUTOR | ||
| 650 | _aPUREZA | ||
| 773 | 0 |
_tBrasil Acucareiro (Brazil) _xISSN 0006-9167 _g(Jan 1970), v. 75(1) p. 27-34 _wBR7000027 |
|
| 909 |
_a202311 _bLúcia _c55 _dLúcia Elande |
||
| 942 |
_2AGRIS _n0 _cANA |
||
| 999 |
_c90598 _d90598 |
||